| 000 | 00631nam a2200229Ia 4500 | ||
|---|---|---|---|
| 003 | OSt | ||
| 005 | 20220928143742.0 | ||
| 006 | a|||||r|||| 00| 0 | ||
| 007 | ta | ||
| 008 | 220927b |||||||| |||| 00| 0 eng d | ||
| 024 | _a23104 | ||
| 037 | _cTextual | ||
| 040 |
_aSDCL _cSDCL _beng |
||
| 041 |
_2eng _aeng |
||
| 082 | _aL:424, N9 | ||
| 100 |
_aMcClane Bruce A _9506052 |
||
| 245 | 0 |
_aMicrobial pathogenesis _b A principles-oriented approach. |
|
| 260 | _c1999 | ||
| 700 |
_a Mietzner Timothy A _9506053 |
||
| 942 |
_hL:424, N9 _cTEXL _2CC |
||
| 999 |
_c825050 _d825050 |
||